| 000 | 00000cam 2200000zi 4500 |
| 001 | 9.945228 |
| 003 | CaOODSP |
| 005 | 20260401143610 |
| 006 | m o d f |
| 007 | cr mn||||||||| |
| 008 | 241115t20242024quca ob f000 0 eng d |
| 020 | |a9780660745268 |
| 040 | |aCaOODSP|beng|erda|cCaOODSP |
| 043 | |an-cn--- |
| 045 | |ay1y2 |
| 086 | 1 |aEn14-503/2024E-PDF |
| 245 | 00|aGreenhouse gas emissions performance for 2014 to 2020 (Phase 1), heavy-duty vehicles and engines, in relation to the Heavy-Duty Vehicle and Engine Greenhouse Gas Emission Regulations under the Canadian Environmental Protection Act, 1999. |
| 264 | 1|aGatineau Quebec : |bEnvironment and Climate Change Canada = Environnement et changement climatique Canada, |c[2024] |
| 264 | 4|c©2024 |
| 300 | |a1 online resource (iii, 13, 3 pages) : |billustrations |
| 336 | |atext|btxt|2rdacontent |
| 337 | |acomputer|bc|2rdamedia |
| 338 | |aonline resource|bcr|2rdacarrier |
| 500 | |aIssued also in French under title: Rendement en matière d'émissions de gaz à effet de serre pour le parc de véhicules lourds et de leurs moteurs des années 2014 à 2020 (phase 1), relativement au Règlement sur les émissions de gaz à effet de serre des véhicules lourds et de leurs moteurs en vertu de la Loi canadienne sur la protection de l'environnement (1999). |
| 500 | |a"EC24114"--Page [i]. |
| 504 | |aIncludes bibliographical references. |
| 520 | |a"The Heavy-duty Vehicle and Engine Greenhouse Gas Emission Regulation (Regulations) under the Canadian Environmental Protection Act, 1999 established greenhouse gas emission standards for new 2014 and later model years of heavy-duty on-road vehicles and engines offered for sale in Canada. These Regulations require importers and manufacturers of new vehicles to meet emission standards for greenhouse gases and establish annual compliance reporting requirements. This report summarizes the fleet average greenhouse gas emission performance of the 2014 - 2020 (Phase 1) model year heavy-duty vehicles and engines. This is based on the compliance data submitted to Environment and Climate Change Canada through end-of-model-year reports pursuant to the Regulations. Each manufacturer's fleet is unique, therefore, the data presented in this report provides aggregated values for three separate categories for each model year: class 2B and 3 (non-vocational), Tractors and Vocational Vehicles, and Heavy-Duty Engines. The data depicts the fleet average CO₂ performance value, the fleet average standard as well as the fleet average credit summary. This is the second such report. The first report covered the 2014-2018 model years …"--Executive summary, page 1. |
| 650 | 0|aTrucks|xMotors|xExhaust gas|zCanada. |
| 650 | 0|aAtmospheric carbon dioxide|zCanada. |
| 650 | 0|aGreenhouse gases|zCanada. |
| 710 | 1 |aCanada. |bEnvironment and Climate Change Canada, |eissuing body. |
| 775 | 08|tRendement en matière d'émissions de gaz à effet de serre pour le parc de véhicules lourds et de leurs moteurs des années 2014 à 2020 (phase 1), relativement au Règlement sur les émissions de gaz à effet de serre des véhicules lourds et de leurs moteurs en vertu de la Loi canadienne sur la protection de l'environnement (1999).|w(CaOODSP)9.945230 |
| 794 | |tGreenhouse gas emissions performance for 2021 to 2023 (Phase 2) heavy-duty vehicles and engines in relation to the Heavy-Duty Vehicle and Engine Greenhouse Gas Emission Regulations under the Canadian Environmental Protection Act, 1999.|w(CaOODSP)9.960879 |
| 795 | |tGreenhouse gas emissions performance for 2014 to 2018 heavy-duty vehicles, in relation to the Heavy-Duty Vehicle and Engine Greenhouse Gas Emission Regulations under the Canadian Environmental Protection Act, 1999.|w(CaOODSP)9.916059 |
| 856 | 40|qPDF|s569 KB|uhttps://publications.gc.ca/collections/collection_2024/eccc/En14-503-2024-eng.pdf |
| 856 | 4 |qHTML|sN/A|uhttps://www.canada.ca/en/environment-climate-change/services/canadian-environmental-protection-act-registry/publications/greenhouse-gas-emissions-performance-2014-2020.html |
| 986 | |aEC24114 |